=LDR 00000nam 2200000 4500 =001 INLIS000000000005033 =005 20201006080425 =035 ##$$a 0010-061300000005033 =008 201006################g##########0#ind## =041 ##$$a Ind =082 ##$$a 307.76 =090 ##$$a 307.76, Sch s =100 ##$$a Schneider, Eugene V =245 1#$$a Sosiologi industri. /$c Eugene V Schneider; Alih Bahasa, J.L. Ginting =260 ##$$a Jakarta :$b Aksara persada,$c 1986 =300 ##$$a x, 596 hlm., : $b ilus, ; $c 15 x 23 cm =650 #4$$a Sosiologi Industri =700 #$$a Ginting, J.L =850 ##$$a NBPNMAT =084 ##$$a 307.76 SCH s =250 ##$$a cet. 2 =990 ##$$a 29.139/Pro.88 =990 ##$$a 29.140/Pro.88 =990 ##$$a 29.141/Pro.88 =990 ##$$a 166.499/Hd.2001